[Event "9th Reykjavik op"]
[Site "Reykjavik ISL"]
[Date "1980.03.02"]
[Round "7"]
[White "Sigurjonsson, Gudmundur"]
[Black "Schuessler, Harry"]
[WhiteElo "2475"]
[BlackElo "2420"]
[Result "1/2-1/2"]
[EventDate "1980.02.23"]
[PlyCount "144"]

1.Nf3 Nf6 2.g3 d5 3.Bg2 e6 4.O-O Be7 5.c4 O-O 6.d4 dxc4 7.Qc2 a6 8.Qxc4 b5
9.Qc2 Bb7 10.Bd2 Be4 11.Qc1 Qc8 12.Bg5 c5 13.Nc3 Bb7 14.dxc5 Qxc5 15.Bxf6 
gxf6 16.Qh6 b4 17.Na4 Qa5 18.Rac1 Bd5 19.b3 Nd7 20.Rfd1 Rfd8 21.Rd4 Nf8 
22.Rh4 Bxf3 23.Bxf3 Rac8 24.Rh5 f5 25.e4 Qe5 26.exf5 exf5 27.Nb6 Rxc1+ 28.
Qxc1 Qc3 29.Qf4 Qe1+ 30.Kg2 Rd2 31.Bd5 Bc5 32.Rxf5 Rxf2+ 33.Qxf2 Bxf2 34.
Rxf2 Ne6 35.Nc4 Qd1 36.Rd2 Qg4 37.Rf2 Qg5 38.Nb6 Qe5 39.Bc4 Qe4+ 40.Kf1 
Ng5 41.Nd7 Qb1+ 42.Kg2 Qe4+ 43.Kf1 Kg7 44.Nf6 Qh1+ 45.Ke2 Qa1 46.h4 Qxa2+ 
47.Ke3 Qa5 48.hxg5 Qxg5+ 49.Kd4 Qc1 50.Ne4 Qa1+ 51.Kd5 Qe1 52.Rf1 Qe3 53.
Ke5 a5 54.Rxf7+ Kg6 55.Rf6+ Kg7 56.Ra6 Qf3 57.Ra7+ Kg6 58.Bf7+ Kh6 59.Be6 
Qf8 60.Rxa5 Qg7+ 61.Kf4 Qc7+ 62.Re5 Qc1+ 63.Kg4 Qd1+ 64.Kf4 Qc1+ 65.Kg4 
Qd1+ 66.Kh4 Qd8+ 67.Kh3 Qd1 68.Kh4 Qd8+ 69.Kh3 Qd1 70.Ng5 Qh1+ 71.Kg4 Qh5+
72.Kf4 Qxg5+ 1/2-1/2

[Event "9th Reykjavik op"]
[Site "Reykjavik ISL"]
[Date "1980.03.02"]
[Round "7"]
[White "Olafsson, Helgi"]
[Black "Kupreichik, Viktor"]
[WhiteElo "2445"]
[BlackElo "2535"]
[Result "0-1"]
[EventDate "1980.02.23"]
[PlyCount "66"]

1.c4 e5 2.Nc3 Nc6 3.e3 Nf6 4.Nf3 d5 5.cxd5 Nxd5 6.d3 Be7 7.Be2 O-O 8.O-O 
Be6 9.a3 a5 10.Qc2 f5 11.Re1 Nb6 12.b3 Bf6 13.Rb1 Ne7 14.e4 f4 15.d4 exd4 
16.Rd1 Ng6 17.Nb5 c5 18.Qxc5 Rc8 19.Qh5 Qe7 20.Nfxd4 Rc5 21.Nf5 Bxf5 22.
exf5 Nh4 23.Re1 Qd7 24.a4 Rxf5 25.Qg4 h5 26.Qh3 f3 27.Ba3 Re8 28.Bc4+ Nxc4
29.Rxe8+ Qxe8 30.bxc4 Qe4 31.Rc1 fxg2 32.Nd6 Nf3+ 33.Kxg2 Ne1+ 0-1

[Event "9th Reykjavik op"]
[Site "Reykjavik ISL"]
[Date "1980.03.03"]
[Round "8"]
[White "Sosonko, Gennadi"]
[Black "Vasiukov, Evgeny"]
[WhiteElo "2545"]
[BlackElo "2545"]
[Result "1-0"]
[EventDate "1980.02.23"]
[PlyCount "65"]

1.d4 Nf6 2.c4 e6 3.Nf3 c5 4.d5 exd5 5.cxd5 g6 6.Nc3 Bg7 7.Bf4 d6 8.Qa4+ 
Bd7 9.Qb3 Qc7 10.e4 O-O 11.Be2 Nh5 12.Be3 a6 13.O-O b5 14.a4 b4 15.Nb1 Bg4
16.Nbd2 Nd7 17.h3 Bxf3 18.Bxf3 Nhf6 19.a5 Rfe8 20.Bf4 Rab8 21.Rfe1 Bf8 22.
Qd3 Rb5 23.Nc4 Rbb8 24.Rad1 h6 25.e5 dxe5 26.d6 Qc8 27.Bxe5 Rd8 28.Bg3 b3 
29.Ne5 Nxe5 30.Bxe5 Nd7 31.Bc3 Bg7 32.Bd5 Bxc3 33.Bxf7+ 1-0

[Event "9th Reykjavik op"]
[Site "Reykjavik ISL"]
[Date "1980.03.03"]
[Round "8"]
[White "Torre, Eugenio"]
[Black "Angantysson, Haukur"]
[WhiteElo "2520"]
[BlackElo "2425"]
[Result "1-0"]
[EventDate "1980.02.23"]
[PlyCount "57"]

1.e4 e6 2.d4 d5 3.Nd2 c5 4.exd5 exd5 5.Ngf3 a6 6.b3 Nf6 7.Bb2 Be7 8.dxc5 
Bxc5 9.Qe2+ Be6 10.Ng5 Qe7 11.Nxe6 fxe6 12.g3 Nc6 13.Bg2 O-O 14.O-O Nd4 
15.Qd3 e5 16.Bxd4 Bxd4 17.c3 Ba7 18.Bxd5+ Kh8 19.Bg2 Rf7 20.Rae1 Raf8 21.
Re2 b5 22.Ne4 Nxe4 23.Bxe4 Qc5 24.Qc2 g5 25.c4 b4 26.Bd5 Rf6 27.Qd2 a5 28.
Qxg5 e4 29.Qe5 $18 {time} 1-0

[Event "9th Reykjavik op"]
[Site "Reykjavik ISL"]
[Date "1980.03.03"]
[Round "8"]
[White "Arnason, Jon"]
[Black "Sigurjonsson, Gudmundur"]
[WhiteElo "2435"]
[BlackElo "2475"]
[Result "1/2-1/2"]
[EventDate "1980.02.23"]
[PlyCount "28"]

1.e4 e5 2.f4 Qh4+ 3.g3 Qe7 4.fxe5 d6 5.exd6 Qxe4+ 6.Qe2 Qxe2+ 7.Nxe2 Bxd6 
8.Nbc3 c6 9.Ne4 Be7 10.d3 Nf6 11.N2c3 Nxe4 12.Nxe4 Bf5 13.Bg2 Na6 14.Bf4 
Rd8 1/2-1/2

[Event "9th Reykjavik op"]
[Site "Reykjavik ISL"]
[Date "1980.03.04"]
[Round "9"]
[White "Sigurjonsson, Gudmundur"]
[Black "Sosonko, Gennadi"]
[WhiteElo "2475"]
[BlackElo "2545"]
[Result "0-1"]
[EventDate "1980.02.23"]
[PlyCount "62"]

1.Nf3 c5 2.g3 Nc6 3.Bg2 g6 4.d4 cxd4 5.Nxd4 Bg7 6.Nxc6 bxc6 7.c4 Qa5+ 8.
Nd2 Nf6 9.O-O O-O 10.Qc2 Qh5 11.e4 d6 12.Rb1 Bh3 13.f3 Nd7 14.Nb3 f5 15.
Bxh3 Qxh3 16.Be3 c5 17.Nc1 Bd4 18.Bxd4 cxd4 19.Nd3 fxe4 20.fxe4 Qg4 21.Qg2
Nc5 22.Nxc5 dxc5 23.e5 Rad8 24.Rxf8+ Rxf8 25.Re1 Rf3 26.Qd2 h5 27.Rf1 
Rxf1+ 28.Kxf1 Qf5+ 29.Qf4 Qb1+ 30.Kg2 Qxb2+ 31.Kh3 Qc2 0-1

[Event "9th Reykjavik op"]
[Site "Reykjavik ISL"]
[Date "1980.03.04"]
[Round "9"]
[White "Miles, Tony"]
[Black "Arnason, Jon"]
[WhiteElo "2545"]
[BlackElo "2435"]
[Result "1/2-1/2"]
[EventDate "1980.02.23"]
[PlyCount "67"]

1.g3 g6 2.Bg2 Bg7 3.d4 d5 4.Nf3 Nf6 5.c4 dxc4 6.Na3 c3 7.bxc3 O-O 8.O-O c5
9.Qb3 Nc6 10.Rd1 Na5 11.Qb2 Bf5 12.Ne5 Rc8 13.d5 Ne4 14.f4 h5 15.Qc2 f6 
16.Bxe4 fxe5 17.fxe5 Bxe5 18.Bh6 Rf7 19.Rf1 Qd7 20.Rf3 Kh7 21.Be3 b6 22.
Raf1 Rcf8 23.Bc1 c4 24.Qd2 Bg7 25.Bc2 e5 26.e4 Bh3 27.Rxf7 Rxf7 28.Rxf7 
Qxf7 29.Qf2 Qc7 30.Ba4 Nb7 31.Bc6 Na5 32.Ba4 Nb7 33.Bc6 Na5 34.Ba4 1/2-1/2

[Event "9th Reykjavik op"]
[Site "Reykjavik ISL"]
[Date "1980.03.04"]
[Round "9"]
[White "Petursson, Margeir"]
[Black "Schuessler, Harry"]
[WhiteElo "2425"]
[BlackElo "2420"]
[Result "1/2-1/2"]
[EventDate "1980.02.23"]
[PlyCount "62"]

1.d4 Nf6 2.c4 e6 3.g3 d5 4.Bg2 Be7 5.Nf3 O-O 6.O-O dxc4 7.Ne5 Nc6 8.Nxc6 
bxc6 9.Na3 Bxa3 10.bxa3 Nd5 11.Qa4 Nb6 12.Qxc6 Rb8 13.Qc5 Bb7 14.e4 Qd6 
15.Bf4 Qxc5 16.dxc5 Na4 17.Rfc1 Ba6 18.Bf1 Nxc5 19.Bxc4 Rfc8 20.Bxa6 Nxa6 
21.Rc6 Rb6 22.Rac1 Kf8 23.a4 Ke8 24.a5 Rxc6 25.Rxc6 Nb4 26.Rxc7 Rxc7 27.
Bxc7 Nxa2 28.a6 Nb4 29.Bb6 Nc6 30.Bc5 Kd7 31.Kf1 Nb8 1/2-1/2

[Event "9th Reykjavik op"]
[Site "Reykjavik ISL"]
[Date "1980.03.04"]
[Round "9"]
[White "Olafsson, Helgi"]
[Black "Byrne, Robert"]
[WhiteElo "2445"]
[BlackElo "2530"]
[Result "1/2-1/2"]
[EventDate "1980.02.23"]
[PlyCount "27"]

1.d4 Nf6 2.c4 g6 3.Nc3 Bg7 4.e4 d6 5.Nf3 O-O 6.Be2 e5 7.dxe5 dxe5 8.Qxd8 
Rxd8 9.Bg5 Nbd7 10.O-O-O Rf8 11.Ne1 c6 12.Nc2 Nc5 13.f3 Be6 14.Be3 1/2-1/2

[Event "9th Reykjavik op"]
[Site "Reykjavik ISL"]
[Date "1980.03.04"]
[Round "9"]
[White "Angantysson, Haukur"]
[Black "Kupreichik, Viktor"]
[WhiteElo "2425"]
[BlackElo "2535"]
[Result "0-1"]
[EventDate "1980.02.23"]
[PlyCount "88"]

1.f4 g6 2.g3 c5 3.Bg2 Nc6 4.e4 Bg7 5.Nf3 e6 6.O-O Nge7 7.c3 d5 8.d3 b6 9.
Na3 Ba6 10.Re1 O-O 11.e5 b5 12.Be3 b4 13.cxb4 Nxb4 14.Bf1 d4 15.Bf2 Qd5 
16.Nc4 Rab8 17.a3 Nbc6 18.Nfd2 Qd8 19.Qc2 g5 20.Ne4 Bxc4 21.dxc4 gxf4 22.
gxf4 Ng6 23.Bg3 Qb6 24.Rab1 a5 25.Bd3 Nce7 26.Nf6+ Bxf6 27.exf6 Nf5 28.
Bxf5 exf5 29.Qxf5 Kh8 30.Qe4 Rg8 31.f5 Nf8 32.Kh1 Rd8 33.b4 axb4 34.axb4 
cxb4 35.Be5 d3 36.Re3 d2 37.Rd1 Nd7 38.Bg3 Nc5 39.Qe7 Rd7 40.Qe8 h6 41.Qe5
Nd3 42.c5 Qc6+ 43.Qe4 Rxg3 44.hxg3 Nf2+ 0-1

[Event "9th Reykjavik op"]
[Site "Reykjavik ISL"]
[Date "1980.03.06"]
[Round "10"]
[White "Kupreichik, Viktor"]
[Black "Vasiukov, Evgeny"]
[WhiteElo "2535"]
[BlackElo "2545"]
[Result "1/2-1/2"]
[EventDate "1980.02.23"]
[PlyCount "25"]

1.e4 e5 2.Nf3 Nc6 3.Bb5 a6 4.Ba4 Nf6 5.O-O Be7 6.Bxc6 dxc6 7.d3 Nd7 8.Nbd2
O-O 9.Nc4 f6 10.Nh4 Nc5 11.Nf5 Bxf5 12.exf5 Qd5 13.Be3 1/2-1/2

[Event "9th Reykjavik op"]
[Site "Reykjavik ISL"]
[Date "1980.03.06"]
[Round "10"]
[White "Browne, Walter Shawn"]
[Black "Angantysson, Haukur"]
[WhiteElo "2540"]
[BlackElo "2425"]
[Result "1/2-1/2"]
[EventDate "1980.02.23"]
[PlyCount "161"]

1.d4 d5 2.c4 dxc4 3.Nf3 Nf6 4.e3 e6 5.Bxc4 c5 6.O-O a6 7.a4 cxd4 8.exd4 
Nc6 9.Nc3 Be7 10.Re1 O-O 11.Bg5 Nb4 12.Qb3 Nc6 13.Qd1 Nb4 14.Ne5 Nc6 15.
Nxc6 bxc6 16.Ne4 Nxe4 17.Bxe7 Qxe7 18.Rxe4 Bb7 19.Re5 Rfd8 20.Qd3 Rd6 21.
h3 Rad8 22.Bxa6 Rxd4 23.Qf1 Qf6 24.Ree1 Bxa6 25.Qxa6 Rd2 26.Rf1 Qxb2 27.
Rab1 Qa2 28.Rbc1 h6 29.Qxc6 Qd5 30.Qc3 Qd4 31.Qc6 Ra2 32.Rc4 Qa7 33.Qc7 
Qxc7 34.Rxc7 Rd4 35.Ra7 Rdxa4 36.Rxa4 Rxa4 37.Rb1 Ra2 38.h4 g6 39.g3 Kg7 
40.Kg2 f5 41.Kf3 Kf6 42.Rb6 g5 43.hxg5+ hxg5 44.Rc6 Ra4 45.Rb6 Re4 46.Ra6 
g4+ 47.Kg2 Re1 48.Rb6 Rd1 49.Ra6 Ke5 50.Ra5+ Ke4 51.Ra4+ Rd4 52.Ra6 e5 53.
Re6 Rc4 54.Re8 Rc5 55.Rf8 Rc2 56.Re8 Kd5 57.Rd8+ Ke6 58.Re8+ Kf6 59.Rf8+ 
Kg6 60.Re8 Rc5 61.Rf8 Rc1 62.Re8 Re1 63.Re6+ Kf7 64.Ra6 Rd1 65.Rb6 Ke7 66.
Ra6 Rd6 67.Ra8 Re6 68.Kf1 Kf7 69.Ra4 Kf6 70.Kg2 Kg5 71.Ra5 Kf6 72.Ra4 Rb6 
73.Kg1 Rb5 74.Kg2 Kg5 75.Ra8 f4 76.Rg8+ Kf5 77.Rf8+ Ke4 78.gxf4 exf4 79.
Re8+ Kf5 80.Rf8+ Kg6 81.Ra8 1/2-1/2

[Event "9th Reykjavik op"]
[Site "Reykjavik ISL"]
[Date "1980.03.06"]
[Round "10"]
[White "Schuessler, Harry"]
[Black "Olafsson, Helgi"]
[WhiteElo "2420"]
[BlackElo "2445"]
[Result "1/2-1/2"]
[EventDate "1980.02.23"]
[PlyCount "54"]

1.Nf3 b6 2.g3 Bb7 3.Bg2 e6 4.O-O Be7 5.c4 Nf6 6.d4 O-O 7.d5 exd5 8.Nd4 Nc6
9.cxd5 Nxd4 10.Qxd4 c5 11.Qd3 d6 12.Nc3 a6 13.a4 b5 14.axb5 axb5 15.Rxa8 
Qxa8 16.Qxb5 Nxd5 17.Bxd5 Bxd5 18.Nxd5 Qxd5 19.b4 Qe6 20.bxc5 dxc5 21.Ba3 
Rc8 22.Rc1 h6 23.Qc4 Qf5 24.Qd3 Qxd3 25.exd3 Rd8 26.Rc3 Bf6 27.Rxc5 Rxd3 
1/2-1/2

[Event "9th Reykjavik op"]
[Site "Reykjavik ISL"]
[Date "1980.03.06"]
[Round "10"]
[White "Arnason, Jon"]
[Black "Petursson, Margeir"]
[WhiteElo "2435"]
[BlackElo "2425"]
[Result "0-1"]
[EventDate "1980.02.23"]
[PlyCount "118"]

1.e4 e5 2.Nf3 Nc6 3.Bb5 a6 4.Ba4 Nf6 5.O-O Nxe4 6.d4 b5 7.Bb3 d5 8.dxe5 
Be6 9.c3 Bc5 10.Nbd2 O-O 11.Bc2 Nxf2 12.Rxf2 f6 13.exf6 Bxf2+ 14.Kxf2 Qxf6
15.Nf1 Ne5 16.Be3 Rae8 17.Kg1 Nxf3+ 18.Qxf3 Qxf3 19.gxf3 Rxf3 20.Bd1 Rf7 
21.Bb3 c6 22.Bd4 Bh3 23.Ne3 Rf4 24.Re1 Re6 25.Bc2 h5 26.Bd3 h4 27.Bc5 a5 
28.Bf1 Bf5 29.Re2 Be4 30.h3 Rf3 31.Rf2 Rxf2 32.Kxf2 Rf6+ 33.Ke1 Rf3 34.Ng4
Bd3 35.Bxd3 Rxd3 36.Be3 d4 37.cxd4 b4 38.Ke2 b3 39.a4 Rc3 40.Ne5 Rc2+ 41.
Kd3 Rxb2 42.Bd2 Ra2 43.Bxa5 Rh2 44.Bc3 b2 45.Bxb2 Rxb2 46.Nf3 Ra2 47.Nxh4 
Kf7 48.Nf3 Ke6 49.Kc4 Rxa4+ 50.Kc5 Ra3 51.Ne5 Rc3+ 52.Nc4 g5 53.Kb4 Rxh3 
54.Ne5 Kd5 55.Ng6 Kxd4 56.Nf8 Rh6 57.Nd7 g4 58.Nc5 g3 59.Nb3+ Ke3 0-1

[Event "9th Reykjavik op"]
[Site "Reykjavik ISL"]
[Date "1980.03.06"]
[Round "10"]
[White "Sigurjonsson, Gudmundur"]
[Black "Miles, Tony"]
[WhiteElo "2475"]
[BlackElo "2545"]
[Result "1/2-1/2"]
[EventDate "1980.02.23"]
[PlyCount "32"]

1.Nf3 c5 2.g3 g6 3.Bg2 Bg7 4.O-O Nc6 5.c3 e5 6.d3 Nge7 7.Nbd2 O-O 8.a3 d5 
9.e4 d4 10.cxd4 Nxd4 11.Nxd4 Qxd4 12.Nc4 b6 13.Be3 Qd7 14.b4 cxb4 15.axb4 
Bb7 16.Na3 Nc6 1/2-1/2

[Event "9th Reykjavik op"]
[Site "Reykjavik ISL"]
[Date "1980.03.07"]
[Round "11"]
[White "Olafsson, Helgi"]
[Black "Arnason, Jon"]
[WhiteElo "2445"]
[BlackElo "2435"]
[Result "0-1"]
[EventDate "1980.02.23"]
[PlyCount "50"]

1.c4 e5 2.Nc3 Nf6 3.Nf3 Nc6 4.d3 d5 5.d4 exd4 6.Nxd4 Nxd4 7.Qxd4 Be6 8.
cxd5 Nxd5 9.g3 Nxc3 10.Qxc3 Qd5 11.f3 Bc5 12.Bf4 O-O 13.Rd1 Bf2+ 14.Kxf2 
Qxd1 15.e4 Rfd8 16.Be3 Bxa2 17.g4 Qb3 18.Qxc7 Rac8 19.Qf4 Qxb2+ 20.Kg3 a5 
21.g5 Re8 22.Bh3 Ra8 23.Qh4 Be6 24.Bg2 a4 25.Rd1 Qe2 0-1

[Event "9th Reykjavik op"]
[Site "Reykjavik ISL"]
[Date "1980.03.07"]
[Round "11"]
[White "Angantysson, Haukur"]
[Black "Byrne, Robert"]
[WhiteElo "2425"]
[BlackElo "2530"]
[Result "1/2-1/2"]
[EventDate "1980.02.23"]
[PlyCount "53"]

1.f4 c5 2.g3 g6 3.Bg2 Bg7 4.e4 Nc6 5.Nf3 d6 6.O-O Nf6 7.Nc3 O-O 8.d3 Rb8 
9.h3 b5 10.g4 b4 11.Ne2 c4 12.f5 Ba6 13.Be3 cxd3 14.cxd3 Ne5 15.Nf4 Nfd7 
16.Rf2 Nc5 17.Bf1 Nxf3+ 18.Qxf3 Bb7 19.Nd5 Bxd5 20.exd5 Qa5 21.Bg5 Rbe8 
22.Kg2 Nd7 23.Kh1 Bf6 24.Bh6 Bg7 25.Bg5 Bf6 26.Bh6 Bg7 27.Bg5 1/2-1/2

[Event "9th Reykjavik op"]
[Site "Reykjavik ISL"]
[Date "1980.03.07"]
[Round "11"]
[White "Torre, Eugenio"]
[Black "Kupreichik, Viktor"]
[WhiteElo "2520"]
[BlackElo "2535"]
[Result "1/2-1/2"]
[EventDate "1980.02.23"]
[PlyCount "44"]

1.c4 e5 2.Nc3 Nc6 3.g3 d6 4.Bg2 Be6 5.b3 g6 6.e3 Bg7 7.Nge2 Qd7 8.h3 Nge7 
9.Ba3 a5 10.Nd5 O-O 11.Nec3 f5 12.Rc1 Bxd5 13.Nxd5 Nxd5 14.cxd5 Nb4 15.
Bxb4 axb4 16.Qc2 f4 17.O-O f3 18.Bh1 Qxh3 19.Qe4 Qf5 20.Qxf5 Rxf5 21.Rxc7 
Rxa2 22.Rxb7 Rxd2 1/2-1/2

[Event "9th Reykjavik op"]
[Site "Reykjavik ISL"]
[Date "1980.03.08"]
[Round "12"]
[White "Browne, Walter Shawn"]
[Black "Torre, Eugenio"]
[WhiteElo "2540"]
[BlackElo "2520"]
[Result "1-0"]
[EventDate "1980.02.23"]
[PlyCount "159"]

1.d4 Nf6 2.c4 g6 3.g3 Bg7 4.Bg2 O-O 5.Nf3 d6 6.O-O c6 7.Nc3 Bf5 8.b3 Ne4 
9.Bb2 Nxc3 10.Bxc3 Be4 11.Qd2 d5 12.Rfd1 e6 13.Rac1 Re8 14.Qf4 Qf6 15.Qxf6
Bxf6 16.Nd2 Bxg2 17.Kxg2 Bg5 18.f4 Be7 19.e4 Nd7 20.a4 f5 21.e5 g5 22.Bb2 
Kf7 23.cxd5 exd5 24.fxg5 Bxg5 25.Rc2 Bxd2 26.Rcxd2 Ke6 27.Rf1 Re7 28.Rf4 
Rg8 29.Rdf2 Rf7 30.h3 h5 31.Kh2 Rgg7 32.Rh4 Rh7 33.Ba3 Rfg7 34.Rf3 Rf7 35.
Kg2 Rfg7 36.Kf2 Rf7 37.Rc3 Rh8 38.Kf3 Rhh7 39.Kf4 Rh8 40.Bc5 a6 41.b4 Rfh7
42.a5 Rg7 43.Rc2 Rgh7 44.Rh2 Rf7 45.Ke3 Rfh7 46.Rg2 Rh6 47.Kf4 R6h7 48.Rg1
Rf7 49.Kf3 Rg7 50.Ke3 Rgh7 51.Kf4 Rf7 52.Rc1 Rfh7 53.Bd6 Rf7 54.Rc3 Rfh7 
55.Rc2 Rf7 56.b5 cxb5 57.Rc7 Rfh7 58.Bb4 Rb8 59.Bc5 Rh6 60.Bd6 Rhh8 61.Ba3
Rh7 62.Bb4 Rh6 63.Ba3 Rh7 64.Bc5 Rh6 65.Ba7 Ra8 66.Rxb7 b4 67.Bc5 Rb8 68.
Rxb8 Nxb8 69.Bxb4 Nc6 70.Bc3 Ne7 71.Bb4 Nc6 72.Bc5 Nxa5 73.g4 fxg4 74.hxg4
Nb7 75.Rxh5 Rxh5 76.gxh5 a5 77.h6 Nd8 78.h7 Nf7 79.Ba3 a4 80.Bb4 1-0

[Event "9th Reykjavik op"]
[Site "Reykjavik ISL"]
[Date "1980.03.08"]
[Round "12"]
[White "Byrne, Robert"]
[Black "Vasiukov, Evgeny"]
[WhiteElo "2530"]
[BlackElo "2545"]
[Result "1/2-1/2"]
[EventDate "1980.02.23"]
[PlyCount "82"]

1.e4 c5 2.Nf3 Nc6 3.d4 cxd4 4.Nxd4 Nf6 5.Nc3 e5 6.Ndb5 d6 7.Bg5 a6 8.Na3 
b5 9.Bxf6 gxf6 10.Nd5 f5 11.Nxb5 axb5 12.Bxb5 Bd7 13.exf5 Rb8 14.a4 Qg5 
15.g4 Qh4 16.Qd3 Kd8 17.Qc4 Rg8 18.h3 Bh6 19.Bxc6 Rc8 20.Nb4 Be3 21.Qe2 
Bxc6 22.Nxc6+ Rxc6 23.Qxe3 Rxg4 24.O-O-O Rxa4 25.b3 Ra2 26.Kb1 Raxc2 27.
Rxd6+ Rxd6 28.Kxc2 Qf6 29.Qe4 Rc6+ 30.Kb1 Qd6 31.Rc1 Rxc1+ 32.Kxc1 Qc5+ 
33.Kd1 Qxf2 34.Qd5+ Ke7 35.Qxe5+ Kd7 36.f6 Qf3+ 37.Kc2 Qg2+ 38.Kc1 Qxh3 
39.Qe7+ Kc6 40.Qxf7 Qc3+ 41.Kb1 Qd3+ 1/2-1/2

[Event "9th Reykjavik op"]
[Site "Reykjavik ISL"]
[Date "1980.03.08"]
[Round "12"]
[White "Schuessler, Harry"]
[Black "Angantysson, Haukur"]
[WhiteElo "2420"]
[BlackElo "2425"]
[Result "0-1"]
[EventDate "1980.02.23"]
[PlyCount "46"]

1.e4 e5 2.Nf3 Nc6 3.Bb5 a6 4.Bxc6 dxc6 5.O-O Qd6 6.d3 Bg4 7.Be3 f6 8.Nbd2 
c5 9.a4 a5 10.Nc4 Qd7 11.h3 Be6 12.Qe2 Bxc4 13.dxc4 Bd6 14.Nd2 Ne7 15.Nb1 
O-O 16.Rd1 Qe6 17.Na3 f5 18.exf5 Rxf5 19.Nb5 Rf6 20.Rd2 Raf8 21.Rad1 Rg6 
22.Qh5 Qxc4 23.b3 Qe4 0-1

[Event "9th Reykjavik op"]
[Site "Reykjavik ISL"]
[Date "1980.03.08"]
[Round "12"]
[White "Sigurjonsson, Gudmundur"]
[Black "Olafsson, Helgi"]
[WhiteElo "2475"]
[BlackElo "2445"]
[Result "1/2-1/2"]
[EventDate "1980.02.23"]
[PlyCount "55"]

1.e4 c6 2.d3 d5 3.Nd2 g6 4.Ngf3 Bg7 5.Be2 Nd7 6.O-O Nh6 7.Re1 O-O 8.Bf1 
Nc5 9.h3 Ne6 10.c3 Qc7 11.d4 dxe4 12.Nxe4 Nf5 13.Bc4 Bd7 14.Neg5 Nxg5 15.
Bxg5 Bf6 16.Qd2 Bxg5 17.Qxg5 Kg7 18.Bd3 Rae8 19.Re2 h6 20.Qd2 Nd6 21.Qf4 
Nb5 22.Qh4 e6 23.Ne5 Rd8 24.Re3 Be8 25.Ng4 h5 26.Qf6+ Kh7 27.Re5 Rd5 28.
Bxg6+ 1/2-1/2

[Event "9th Reykjavik op"]
[Site "Reykjavik ISL"]
[Date "1980.03.08"]
[Round "12"]
[White "Miles, Tony"]
[Black "Petursson, Margeir"]
[WhiteElo "2545"]
[BlackElo "2425"]
[Result "1/2-1/2"]
[EventDate "1980.02.23"]
[PlyCount "240"]

1.g3 d5 2.Nf3 c5 3.Bg2 Nc6 4.d4 e6 5.O-O Nf6 6.c4 Be7 7.cxd5 exd5 8.Nc3 
O-O 9.Be3 c4 10.Ne5 Be6 11.Nxc4 dxc4 12.d5 Nxd5 13.Nxd5 Bf6 14.Nxf6+ Qxf6 
15.Bxc6 bxc6 16.Qd4 Qe7 17.Qc5 Qxc5 18.Bxc5 Rfd8 19.Bb4 Rd7 20.f3 f6 21.g4
h5 22.h3 Kf7 23.Kf2 Rh8 24.Rh1 Rdd8 25.Bc3 Rh7 26.e4 Rdh8 27.Rhg1 hxg4 28.
hxg4 Rh2+ 29.Rg2 Rh1 30.Rag1 g5 31.Ke3 c5 32.Kf2 R8h7 33.Rxh1 Rxh1 34.Kg3 
Ke7 35.Rd2 Rg1+ 36.Kf2 Rh1 37.Kg2 Rb1 38.a3 Ra1 39.e5 fxe5 40.Bxe5 Rc1 41.
Bc3 Rb1 42.Re2 Rd1 43.Bd2 Kf7 44.Bxg5 c3 45.bxc3 Ra1 46.Re5 Rxa3 47.Rxc5 
a5 48.Rc7+ Kg6 49.Be7 Ra1 50.Bc5 a4 51.Ra7 Bd5 52.Kg3 Rf1 53.Bf2 Rc1 54.
Bd4 Rf1 55.Bf2 Rc1 56.Ra6+ Kh7 57.Rxa4 Rxc3 58.Rf4 Rd3 59.Bb6 Kg6 60.Bc7 
Re3 61.Kf2 Re7 62.Rd4 Bxf3 63.Bd8 Rf7 64.Kg3 Bb7 65.Rd6+ Kg7 66.Bb6 Be4 
67.Bd4+ Kg8 68.g5 Rb7 69.Kf4 Bb1 70.g6 Bxg6 71.Rxg6+ Kf8 72.Kf5 Ke8 73.Bc5
Rf7+ 74.Ke5 Rb7 75.Rh6 Rg7 76.Ke6 Re7+ 77.Kd5 Rg7 78.Rf6 Rf7 79.Re6+ Kd7 
80.Bd6 Rf5+ 81.Be5 Rf1 82.Rh6 Rd1+ 83.Bd4 Rd2 84.Rh7+ Kd8 85.Ke5 Kc8 86.
Bc5 Rd7 87.Rh1 Rd2 88.Ke6 Kc7 89.Bb4 Rd3 90.Re1 Kc6 91.Re5 Rd1 92.Be7 Rh1 
93.Rc5+ Kb6 94.Kd7 Rh6 95.Rf5 Rh7 96.Kd6 Rh6+ 97.Bf6 Kb7 98.Kd5 Kb6 99.
Bd4+ Kb5 100.Be3 Rh8 101.Kd4+ Kc6 102.Rf6+ Kb5 103.Rd6 Rh1 104.Kc3 Rh3 
105.Kd3 Rh2 106.Rb6+ Ka5 107.Rb8 Rh3 108.Kd4 Rh4+ 109.Kc5 Rh5+ 110.Kc4 
Rh4+ 111.Bd4 Rh6 112.Ra8+ Ra6 113.Rc8 Rh6 114.Rc5+ Ka6 115.Rc7 Ka5 116.Bf2
Rg6 117.Be3 Rg4+ 118.Kc5 Ka4 119.Rb7 Ka3 120.Bd4 Rg8 1/2-1/2

[Event "9th Reykjavik op"]
[Site "Reykjavik ISL"]
[Date "1980.03.09"]
[Round "13"]
[White "Petursson, Margeir"]
[Black "Sosonko, Gennadi"]
[WhiteElo "2425"]
[BlackElo "2545"]
[Result "1/2-1/2"]
[EventDate "1980.02.23"]
[PlyCount "26"]

1.c4 c5 2.Nf3 Nf6 3.d4 cxd4 4.Nxd4 e6 5.g3 Bb4+ 6.Bd2 Qb6 7.Bxb4 Qxb4+ 8.
Nc3 Nc6 9.Nb5 O-O 10.e3 d5 11.a3 Qa5 12.b4 Qd8 13.cxd5 exd5 1/2-1/2

[Event "9th Reykjavik op"]
[Site "Reykjavik ISL"]
[Date "1980.03.09"]
[Round "13"]
[White "Olafsson, Helgi"]
[Black "Miles, Tony"]
[WhiteElo "2445"]
[BlackElo "2545"]
[Result "0-1"]
[EventDate "1980.02.23"]
[PlyCount "56"]

1.d4 Nf6 2.Nf3 e6 3.c4 b6 4.Nc3 Bb7 5.Bg5 h6 6.Bh4 g5 7.Bg3 Nh5 8.e3 d6 9.
Bd3 Bg7 10.O-O Nd7 11.Nd2 Nxg3 12.fxg3 Qe7 13.Qe2 h5 14.Rf2 O-O-O 15.b4 g4
16.Rc1 c5 17.Nb5 Kb8 18.Ne4 Bxe4 19.Bxe4 f5 20.Bc6 a6 21.Na3 cxd4 22.c5 
Ne5 23.Qxa6 Nxc6 24.cxb6 dxe3 25.Re2 Rc8 26.Rec2 Qb7 27.Qa4 e2 28.Rxe2 Nd4
0-1

[Event "9th Reykjavik op"]
[Site "Reykjavik ISL"]
[Date "1980.03.09"]
[Round "13"]
[White "Angantysson, Haukur"]
[Black "Arnason, Jon"]
[WhiteElo "2425"]
[BlackElo "2435"]
[Result "1-0"]
[EventDate "1980.02.23"]
[PlyCount "99"]

1.d4 Nf6 2.c4 c5 3.d5 e6 4.Nc3 exd5 5.cxd5 d6 6.e4 g6 7.Bf4 a6 8.Nf3 Bg4 
9.Be2 Bxf3 10.Bxf3 Nbd7 11.O-O Qb8 12.Rb1 Bg7 13.b4 cxb4 14.Rxb4 O-O 15.
Qb1 Nc5 16.Rb6 Rd8 17.Rc1 Ra7 18.Ne2 Qc7 19.Qb4 a5 20.Qb5 Ra6 21.Rxa6 bxa6
22.Bxd6 Qxd6 23.Qxc5 Qe5 24.Qxa5 Re8 25.Ng3 h5 26.h4 Qf4 27.Rd1 Qxh4 28.
Qxa6 Qg5 29.d6 h4 30.Nf1 Nd7 31.a4 Qf4 32.Qc6 Rd8 33.Qc7 Bf6 34.Qc1 Qe5 
35.Nh2 Bg5 36.Qc7 Nf8 37.a5 Ne6 38.Qb6 Bf4 39.Ng4 Qc3 40.e5 h3 41.Bd5 Qc2 
42.Qb1 Qf5 43.Qxf5 gxf5 44.Bxe6 fxg4 45.Bxg4 h2+ 46.Kh1 Bxe5 47.a6 Ra8 48.
d7 Bf6 49.Bf3 Rxa6 50.d8=Q+ 1-0

[Event "9th Reykjavik op"]
[Site "Reykjavik ISL"]
[Date "1980.03.09"]
[Round "13"]
[White "Vasiukov, Evgeny"]
[Black "Schuessler, Harry"]
[WhiteElo "2545"]
[BlackElo "2420"]
[Result "1/2-1/2"]
[EventDate "1980.02.23"]
[PlyCount "53"]

1.e4 e5 2.Nf3 Nf6 3.Nxe5 d6 4.Nf3 Nxe4 5.d4 d5 6.Bd3 Be7 7.O-O Nd6 8.Re1 
O-O 9.Bf4 Bg4 10.Nbd2 Nd7 11.c3 Nf6 12.Qc2 g6 13.Rac1 Nh5 14.Be5 Ng7 15.
Qb3 Be6 16.h3 Qd7 17.Re2 c6 18.Rce1 f6 19.Bf4 Rfe8 20.Nf1 Bf8 21.N1h2 Nf7 
22.Qc2 Bf5 23.Bxf5 Nxf5 24.Ng4 Kg7 25.Qd3 N7d6 26.Kf1 Rxe2 27.Rxe2 1/2-1/2

[Event "9th Reykjavik op"]
[Site "Reykjavik ISL"]
[Date "1980.03.09"]
[Round "13"]
[White "Torre, Eugenio"]
[Black "Byrne, Robert"]
[WhiteElo "2520"]
[BlackElo "2530"]
[Result "1/2-1/2"]
[EventDate "1980.02.23"]
[PlyCount "40"]

1.e4 c5 2.Nf3 d6 3.d4 cxd4 4.Nxd4 Nf6 5.Nc3 a6 6.Bg5 e6 7.f4 Qb6 8.Nb3 Be7
9.Qf3 Nbd7 10.Bd3 h6 11.Qh3 Qc7 12.O-O-O b5 13.a3 Bb7 14.Bh4 O-O-O 15.Qe3 
Nc5 16.Nxc5 dxc5 17.e5 Ng4 18.Qh3 Bxh4 19.Qxg4 Bf2 20.Ne4 Bxe4 1/2-1/2